Manual de la teoría de probabilidades y estadística matemática /

Guardado en:
Autor Principal: Koroliuk, V. S. 1925-
Formato: Libro
Idioma:Spanish
Russian
Publicado: Moscú : Mir, 1981.
Etiquetas: Agregar Etiqueta
Sin Etiquetas, Sea el primero en etiquetar este registro!
LEADER 00661nam a22001695a 4500
001 MAT.inmabb006592
008 120802s1981####ru#######b####000#0#spa#d
005 20120803132427.0
245 1 0 |a Manual de la teoría de probabilidades y estadística matemática /  |c redactado por V. S. Koroliuk ; [traducido del ruso por K. Medkov y S. Kaláshnik]. 
260 |a Moscú :  |b Mir,  |c 1981. 
300 |a 579 p. ;  |c 21 cm. 
504 |a Incluye referencias bibliográficas (p. 567-[571]) e índice. 
510 4 |a MR,  |c 83g:60002 
100 1 |a Koroliuk, V. S.  |q (Vladimir Semenovich),  |d 1925- 
084 |a 60-01 (00A20)  |2 msc2000 
041 1 |a spa  |h rus 
859 |h 60  |i K84  |p A-5911  |b BIB. MATEMATICA